000 00917nam a2200253 i 4500
003 DO-SdBNP
005 20240412154820.0
006 a||||er|||| 00| 0
007 ta
008 240412e1976 dr ac||| |||| 00| p spa d
040 _aDO-SdBNP
_bspa
_cBNPHU
_erda
082 4 _222
_bU39e
100 _aFranco, José Ulises,
_d1909-1997
_928996
_eautor
245 1 0 _aEn serio y en broma/
_cJosé Ulises Franco; portada, Piro Valerio
246 1 4 _aEn serio y en broma:
_b(los poemas del amor, el recuerdo y el folklore).
264 _a[Santiago de los Caballeros, República Dominicana] :
_bOffset Cibao, S. A.
_c1976
300 _a255 páginas completadas :
_bIlustraciones, retratos ;
_c21 cm.
336 _2rdacontent
_atexto
_btxt
337 _2rdamedia
_asin mediación
_bn
338 _2rdacarrier
_avolumen
_bnc
590 _aInventariado 2024 / MF
700 1 _aValerio, Piro
_ecaricaturas
_985230
942 _2ddc
_cLBS1
999 _c56389
_d56389